[Event "FIDE World Bl Team Pool A"]
[Site "London ENG"]
[Date "2025.06.14"]
[Round "13.2"]
[White "Ragnarsson, Dagur"]
[Black "Vachier-Lagrave, Maxime"]
[Result "0-1"]
[WhiteTitle "IM"]
[BlackTitle "GM"]
[WhiteElo "2349"]
[BlackElo "2736"]
[WhiteTeam "ChessbrahTV"]
[BlackTeam "WR Chess Team"]
[WhiteFideId "2304058"]
[BlackFideId "623539"]
[EventDate "2025.06.14"]
[EventType "team"]

1. e4 c5 2. d4 cxd4 3. Qxd4 Nc6 4. Qd3 g6 5. Nc3 Bg7 6. Nf3 Nf6 7. Be2 O-O 8.
O-O b6 9. Nd5 Bb7 10. c3 d6 11. Bg5 Nd7 12. Qe3 Re8 13. Rad1 Nc5 14. Rfe1 Rc8
15. Bb5 a6 16. Bf1 b5 17. h4 f6 18. Bh6 e6 19. Bxg7 exd5 20. Bh6 Rxe4 21. Qd2
Ne5 22. Nxe5 dxe5 23. g3 Rxe1 24. Qxe1 Qd7 25. Kh2 Re8 26. c4 d4 27. cxb5 Qd5
28. Bh3 axb5 29. Qb4 Ne6 30. a4 Ng7 31. Bxg7 Kxg7 32. Qxb5 Qxb5 33. axb5 Rb8 34.
Bf1 Bd5 35. Be2 Rc8 36. Rd2 Kf7 37. f3 Ke6 38. Kg1 h6 39. Kf2 g5 40. hxg5 hxg5
41. g4 Kd6 42. b4 Rc1 43. Rb2 Kc7 44. Bd3 Rc3 45. Be2 Kb6 46. Rb1 Rc2 47. Ke1
Bc4 48. Bxc4 0-1

[Event "FIDE World Bl Team Pool A"]
[Site "London ENG"]
[Date "2025.06.14"]
[Round "13.3"]
[White "So, Wesley"]
[Black "Delaney, Killian"]
[Result "1-0"]
[WhiteTitle "GM"]
[BlackTitle "FM"]
[WhiteElo "2745"]
[BlackElo "2275"]
[WhiteTeam "WR Chess Team"]
[BlackTeam "ChessbrahTV"]
[WhiteFideId "5202213"]
[BlackFideId "2501570"]
[EventDate "2025.06.14"]
[EventType "team"]

1. e4 c6 2. d4 d5 3. e5 c5 4. Nf3 Nc6 5. dxc5 Bg4 6. c3 e6 7. Be3 Nh6 8. Nbd2
Nf5 9. Bd4 Qc7 10. Bb5 Be7 11. Qa4 O-O 12. Bxc6 bxc6 13. h3 Bxf3 14. Nxf3 Rfb8
15. O-O-O Rb5 16. Kb1 Rab8 17. Rd2 Bxc5 18. Bxc5 Rxc5 19. Ka1 Rc4 20. Qc2 Qa5
21. Rc1 h6 22. g4 Ne7 23. Rd4 Rxd4 24. cxd4 Rb4 25. Qc5 Qxc5 26. Rxc5 Rc4 27.
Rxc4 dxc4 28. Nd2 Nd5 29. Nxc4 Nf4 30. h4 Nd3 31. f3 Ne1 32. Nd2 Nc2+ 33. Kb1
Nxd4 34. b4 Kf8 35. Kb2 Ke7 36. Kc3 Nb5+ 37. Kc4 Kd7 38. Ne4 Nc7 39. Nd6 f6 40.
exf6 gxf6 41. Nf7 Ke7 42. Nxh6 Kf8 43. g5 fxg5 44. hxg5 Kg7 45. Ng4 Kg6 46. f4
Nd5 47. Ne5+ Kf5 48. Nd3 Nb6+ 49. Kc5 Nd5 50. Kxc6 1-0

[Event "FIDE World Bl Team Pool A"]
[Site "London ENG"]
[Date "2025.06.14"]
[Round "13.4"]
[White "Vincent, Trevor"]
[Black "Duda, Jan-Krzysztof"]
[Result "0-1"]
[BlackTitle "GM"]
[WhiteElo "2226"]
[BlackElo "2725"]
[WhiteTeam "ChessbrahTV"]
[BlackTeam "WR Chess Team"]
[WhiteFideId "2605600"]
[BlackFideId "1170546"]
[EventDate "2025.06.14"]
[EventType "team"]

1. Nf3 Nf6 2. c4 e6 3. d4 d5 4. Nc3 dxc4 5. e3 a6 6. Bxc4 b5 7. Be2 Bb7 8. O-O
Nbd7 9. a4 b4 10. Nb1 c5 11. Nbd2 Be7 12. Nc4 O-O 13. Nfe5 cxd4 14. exd4 a5 15.
Bf3 Nd5 16. Re1 Qc7 17. Be4 Nxe5 18. Nxe5 Nf6 19. Bxb7 Qxb7 20. Qe2 Rfd8 21. Be3
Nd5 22. Rac1 Rdc8 23. Qb5 Qxb5 24. axb5 a4 25. Rxc8+ Rxc8 0-1

[Event "FIDE World Bl Team Pool A"]
[Site "London ENG"]
[Date "2025.06.14"]
[Round "13.5"]
[White "Kosteniuk, Alexandra"]
[Black "Garcia Martin, Marta"]
[Result "1-0"]
[WhiteTitle "GM"]
[BlackTitle "IM"]
[WhiteElo "2474"]
[BlackElo "2339"]
[WhiteTeam "WR Chess Team"]
[BlackTeam "ChessbrahTV"]
[WhiteFideId "4128125"]
[BlackFideId "32084030"]
[EventDate "2025.06.14"]
[EventType "team"]

1. e4 c5 2. d4 cxd4 3. Qxd4 Nc6 4. Qd3 Nf6 5. Nc3 d6 6. Nf3 g6 7. Be2 Bg7 8. O-O
O-O 9. Nd5 Bg4 10. c3 Rc8 11. Bg5 Nxd5 12. exd5 Bxf3 13. Qxf3 Ne5 14. Qe3 f6 15.
Bh4 Qb6 16. Qxb6 axb6 17. Rfe1 Rc7 18. f4 Nd7 19. Bb5 Nc5 20. Bf2 f5 21. Rac1
Bf6 22. Bd4 Kf7 23. Bxf6 Kxf6 24. Re3 Ra8 25. a3 Ra5 26. Be2 Ra8 27. Re1 Rd8 28.
h3 h5 29. g4 hxg4 30. hxg4 fxg4 31. Bxg4 Rh8 32. Kg2 Rh7 33. Bd1 Nd7 34. Re6+
Kf7 35. Bb3 Nf6 36. R6e3 Rh5 37. Rh1 Rxh1 38. Kxh1 Rc5 39. Rd3 Ne4 40. Rd4 Ng3+
41. Kg2 Nf5 42. Rb4 b5 43. Kf3 Kf6 44. Re4 Rc7 45. Re6+ Kf7 46. Re4 Rc5 47. Rb4
Kf6 48. Ba2 Nh6 49. Ke4 Nf7 50. Bb1 g5 51. fxg5+ Nxg5+ 52. Kd4 Nf3+ 53. Ke3 Ne5
54. Be4 Nc4+ 55. Kd4 Nd2 56. Bd3 e5+ 57. dxe6 Kxe6 58. Rxb5 Nf3+ 59. Ke3 Rxb5
60. Bxb5 Ne5 61. Kd4 Ke7 62. Be2 Kd7 63. Kd5 Kc7 64. a4 Nd7 65. a5 Nc5 66. b4
Na4 67. Kc4 Nb2+ 68. Kb3 1-0

[Event "FIDE World Bl Team Pool A"]
[Site "London ENG"]
[Date "2025.06.14"]
[Round "13.1"]
[White "Oro, Faustino"]
[Black "Hong, Andrew"]
[Result "1-0"]
[WhiteTitle "IM"]
[BlackTitle "GM"]
[WhiteElo "2465"]
[BlackElo "2589"]
[WhiteTeam "Turkish Airlines Sports Club"]
[BlackTeam "FIDE MB Team"]
[WhiteFideId "20000197"]
[BlackFideId "2099438"]
[EventDate "2025.06.14"]
[EventType "team"]

1. Nf3 d5 2. e3 Nf6 3. b3 e6 4. Bb2 Be7 5. d4 O-O 6. Bd3 c5 7. O-O Nc6 8. Nbd2
b6 9. a3 Bb7 10. Qe2 Qc7 11. dxc5 bxc5 12. c4 Rad8 13. cxd5 exd5 14. Rac1 Qb8
15. Rfd1 Rfe8 16. e4 dxe4 17. Nxe4 Nd4 18. Nxd4 cxd4 19. Nxf6+ Bxf6 20. Qg4 Qe5
21. Qg3 Qd5 22. b4 h5 23. Rc5 Qa2 24. Bc1 h4 25. Qg4 Re7 26. h3 Rde8 27. Qf5
Re1+ 28. Rxe1 Rxe1+ 29. Kh2 Qe6 30. Qxe6 Rxe6 31. Bf4 Bd8 32. Bc4 Re7 33. Bg5
Bc7+ 34. f4 Rd7 35. Bb5 Rd5 36. Rxc7 Rxb5 37. Rd7 d3 38. Rxd3 a5 39. bxa5 Rxa5
40. Bxh4 Rb5 41. Bf2 Rb2 42. Kg3 Ra2 43. Rc3 Be4 44. Re3 Bd5 45. f5 Kh7 46. h4
f6 47. Rc3 Be4 48. Rc5 Rxa3+ 49. Kh2 Ra2 50. Kg3 Bd3 51. Rd5 Be4 52. Rc5 Kh6 53.
Be3+ Kh5 54. Bf2 Ra3+ 55. Kh2 Ra2 56. Kg3 Ra3+ 57. Kh2 Kh6 58. Rb5 Rc3 59. Ra5
Rc2 60. Kg3 Rc3+ 61. Kh2 Rc7 62. g4 Bb7 63. Be3+ Kh7 64. Kg3 Rc3 65. Kf2 Rc2+
66. Kg3 Rc3 67. Kf2 Rc2+ 68. Ke1 Rh2 69. g5 Bd5 70. Rxd5 Kg8 71. g6 Kf8 72. Rd4
Ke7 73. Bf2 Ke8 74. Ke2 Rh3 75. Rd3 Rh1 76. Kf3 Rh3+ 77. Bg3 Rh1 78. Kg4 Rf1 79.
h5 Rh1 80. Ra3 Rb1 81. Ra8+ Ke7 82. Ra7+ Kf8 83. Bd6+ Ke8 84. Re7+ Kd8 85. Rxg7
Rg1+ 86. Bg3 Rh1 87. Rf7 Ke8 88. Rxf6 Ke7 89. Rf7+ Ke8 90. Ra7 Rd1 91. f6 Rd4+
92. Bf4 Rd7 93. f7+ 1-0

[Event "FIDE World Bl Team Pool A"]
[Site "London ENG"]
[Date "2025.06.14"]
[Round "13.2"]
[White "Short, Nigel D"]
[Black "Ahmad, Khagan"]
[Result "1-0"]
[WhiteTitle "GM"]
[BlackTitle "IM"]
[WhiteElo "2587"]
[BlackElo "2394"]
[WhiteTeam "FIDE MB Team"]
[BlackTeam "Turkish Airlines Sports Club"]
[WhiteFideId "400025"]
[BlackFideId "13431552"]
[EventDate "2025.06.14"]
[EventType "team"]

1. e4 c5 2. Nf3 d6 3. d4 cxd4 4. Nxd4 Nf6 5. Nc3 a6 6. f4 e5 7. Nf3 Nbd7 8. a4
Be7 9. Bc4 O-O 10. O-O b6 11. Kh1 Bb7 12. Qe1 Rc8 13. Ba2 Nc5 14. fxe5 Nfxe4 15.
Bf4 Nxc3 16. bxc3 dxe5 17. Rd1 exf4 18. Rxd8 Bxd8 19. Ne5 Bf6 20. Rxf4 Ne4 21.
Nxf7 Rxf7 22. Rxe4 Kf8 23. Bxf7 Kxf7 24. Re3 Rc5 25. h3 Rg5 26. Rg3 Ra5 27. Qf2
Rc5 28. Rd3 Bc6 29. Qf4 Re5 30. Rd6 Re4 31. Qf5 Re1+ 32. Kh2 Be4 33. Rd7+ Kf8
34. Qe6 1-0

[Event "FIDE World Bl Team Pool A"]
[Site "London ENG"]
[Date "2025.06.14"]
[Round "13.3"]
[White "Southcott-Moyers, Indy"]
[Black "Bologan, Victor"]
[Result "0-1"]
[WhiteTitle "FM"]
[BlackTitle "GM"]
[WhiteElo "2289"]
[BlackElo "2601"]
[WhiteTeam "Turkish Airlines Sports Club"]
[BlackTeam "FIDE MB Team"]
[WhiteFideId "488542"]
[BlackFideId "13900048"]
[EventDate "2025.06.14"]
[EventType "team"]

1. d4 d6 2. c4 e5 3. Nf3 e4 4. Ng5 f5 5. Nc3 c6 6. d5 Nf6 7. e3 h6 8. Nh3 g5 9.
Be2 Bg7 10. O-O O-O 11. Qc2 c5 12. Rb1 Nbd7 13. Nb5 Ne5 14. b4 b6 15. bxc5 bxc5
16. Bb2 Qe7 17. Bxe5 Qxe5 18. Nc7 f4 19. Nxf4 gxf4 20. exf4 Qxf4 21. Nxa8 Bf5
22. Nc7 e3 23. Qb3 Bxb1 24. Qxb1 Ng4 25. Bxg4 exf2+ 26. Kh1 Qxg4 27. Ne6 Rf7 28.
Qb8+ Kh7 29. Qb1+ Qg6 30. Qxg6+ Kxg6 31. g3 Rf3 32. Kg2 Rc3 33. Rxf2 Rxc4 34.
Nxg7 Kxg7 35. Rd2 Kf6 36. Kf3 Ke5 37. g4 Rc3+ 38. Kg2 c4 39. h4 a5 40. Kf2 Rh3
41. g5 Rxh4 42. gxh6 Rxh6 43. Ke1 Rh1+ 0-1

[Event "FIDE World Bl Team Pool A"]
[Site "London ENG"]
[Date "2025.06.14"]
[Round "13.4"]
[White "Al-Mudahka, Mohd"]
[Black "Lohia, Sohum"]
[Result "1/2-1/2"]
[WhiteTitle "GM"]
[BlackTitle "FM"]
[WhiteElo "2542"]
[BlackElo "2364"]
[WhiteTeam "FIDE MB Team"]
[BlackTeam "Turkish Airlines Sports Club"]
[WhiteFideId "12100030"]
[BlackFideId "5819369"]
[EventDate "2025.06.14"]
[EventType "team"]

1. e4 e5 2. Nf3 Nc6 3. Bb5 a6 4. Ba4 Nge7 5. O-O Ng6 6. c3 d5 7. d4 dxe4 8. Nxe5
Nxe5 9. dxe5 Qxd1 10. Rxd1 Bd7 11. Bc2 Nxe5 12. Bxe4 O-O-O 13. Bf4 Bd6 14. Nd2
Nf3+ 15. Bxf3 Bxf4 16. Nb3 Bd6 17. Na5 b6 18. Nb7 Rde8 19. Nxd6+ cxd6 20. Rxd6
Kc7 21. Rd4 b5 22. Rad1 Re7 23. g3 Rhe8 24. Kg2 Bc6 25. Bxc6 Kxc6 26. Rd6+ Kb7
27. Rd7+ Kc8 28. Rxe7 Rxe7 29. Kf3 Kc7 30. Rd4 Re6 31. a4 Kb6 32. axb5 axb5 33.
Rd7 Rf6+ 34. Ke3 Kc6 35. Ra7 Kc5 36. b3 h5 37. f4 g6 38. Rc7+ Kd6 39. Rb7 Kc6
40. Ra7 Re6+ 41. Kd4 Rd6+ 42. Ke3 Re6+ 43. Kd3 Rd6+ 44. Kc2 f6 45. Ra6+ Kc5 46.
Rxd6 Kxd6 47. Kd3 Kc5 48. c4 bxc4+ 49. bxc4 g5 50. fxg5 fxg5 51. h4 gxh4 52.
gxh4 Kc6 53. Kd4 Kd6 54. c5+ Kc6 55. Kc4 Kc7 56. Kd5 Kd7 57. c6+ Kc7 58. Kc5 Kc8
59. Kd6 Kd8 60. Ke6 Kc7 61. Kf6 Kxc6 62. Kg6 Kd7 63. Kxh5 Ke7 64. Kg6 Kf8 65.
Kh7 Kf7 66. h5 Kf8 67. h6 Kf7 68. Kh8 Kf8 69. h7 1/2-1/2

[Event "FIDE World Bl Team Pool A"]
[Site "London ENG"]
[Date "2025.06.14"]
[Round "13.5"]
[White "Lu, Miaoyi"]
[Black "Zhu, Chen"]
[Result "1-0"]
[WhiteTitle "IM"]
[BlackTitle "GM"]
[WhiteElo "2452"]
[BlackElo "2423"]
[WhiteTeam "Turkish Airlines Sports Club"]
[BlackTeam "FIDE MB Team"]
[WhiteFideId "8618020"]
[BlackFideId "8600546"]
[EventDate "2025.06.14"]
[EventType "team"]

1. e4 d6 2. d4 Nf6 3. Nc3 e5 4. Nf3 Nbd7 5. g4 Nxg4 6. Rg1 exd4 7. Qxd4 Nde5 8.
Nxe5 Nxe5 9. Be2 Nc6 10. Qd3 Ne5 11. Qg3 Bd7 12. Bg5 f6 13. Be3 c6 14. f4 Nf7
15. O-O-O Qa5 16. Bc4 b5 17. Bb3 b4 18. Ne2 Nd8 19. Nd4 c5 20. Nf5 Be6 21. Nxg7+
Bxg7 22. Qxg7 Rf8 23. Rxd6 Bf7 24. Rgd1 c4 25. Bxc4 Qc7 26. Bb5+ 1-0

[Event "FIDE World Bl Team Pool A"]
[Site "London ENG"]
[Date "2025.06.14"]
[Round "13.6"]
[White "Zaiarski, Stepan"]
[Black "Yildiz, Ali Aras"]
[Result "1/2-1/2"]
[WhiteElo "1932"]
[BlackElo "2089"]
[WhiteTeam "FIDE MB Team"]
[BlackTeam "Turkish Airlines Sports Club"]
[WhiteFideId "13907000"]
[BlackFideId "51619822"]
[EventDate "2025.06.14"]
[EventType "team"]

1. d4 d5 2. c4 e6 3. g3 Nf6 4. Bg2 Be7 5. Nf3 O-O 6. O-O b6 7. cxd5 exd5 8. Nc3
Bb7 9. Bf4 Nbd7 10. Ne5 c5 11. Qa4 cxd4 12. Nxd7 Qxd7 13. Qxd7 Nxd7 14. Nxd5
Bxd5 15. Bxd5 Rac8 16. Rac1 Nc5 17. Rfd1 Bf6 18. Bd6 Rfd8 19. Bxc5 bxc5 20. Bc4
Kf8 21. Rd3 Ke7 22. Ra3 Rc7 23. Kg2 Rb8 24. Rc2 Rcb7 25. Bb3 Kd6 26. Ra6+ Rb6
27. Rxb6+ axb6 28. Bxf7 b5 29. b3 g6 30. e4 dxe3 31. fxe3 Rf8 32. Rd2+ Kc6 33.
Bd5+ Kb6 34. Rf2 Bg7 35. Rxf8 Bxf8 36. Be4 c4 37. bxc4 bxc4 38. Kf3 Kc5 39. h4
Be7 40. Ke2 Kb4 41. Kd2 Bf6 42. Kc2 Be5 43. g4 Bg3 44. h5 gxh5 45. gxh5 h6 46.
Bd5 Be5 47. e4 c3 48. Kd3 Ka3 49. Kc2 Kb4 1/2-1/2

[Event "FIDE World Bl Team Pool A"]
[Site "London ENG"]
[Date "2025.06.14"]
[Round "13.1"]
[White "Chinguun, Sumiya"]
[Black "Nihal, Sarin"]
[Result "0-1"]
[WhiteTitle "FM"]
[BlackTitle "GM"]
[WhiteElo "2415"]
[BlackElo "2696"]
[WhiteTeam "The MongolZ"]
[BlackTeam "Ashdod Elit Chess Club"]
[WhiteFideId "4902572"]
[BlackFideId "25092340"]
[EventDate "2025.06.14"]
[EventType "team"]

1. e4 h6 2. d4 c6 3. Nc3 d5 4. Nf3 dxe4 5. Nxe4 Bf5 6. Bd3 Nd7 7. Nf6+ Ngxf6 8.
Bxf5 Qa5+ 9. Bd2 Qxf5 10. O-O e6 11. c4 Be7 12. h3 O-O 13. Be3 Rfd8 14. Qb3 b5
15. Rac1 bxc4 16. Qxc4 Qd5 17. Qa6 Qb5 18. Qxc6 Qxb2 19. Rb1 Qxa2 20. Ne5 Nxe5
21. dxe5 Nd5 22. Ra1 Qe2 23. Rfe1 Qh5 24. Rxa7 Rac8 25. Qa4 Nxe3 26. fxe3 Bc5
27. Rb7 Qxe5 28. Qh4 Bxe3+ 29. Kh1 Bg5 30. Qf2 Qf5 31. Qg1 Rd3 32. Rf1 Rxh3+ 0-1

[Event "FIDE World Bl Team Pool A"]
[Site "London ENG"]
[Date "2025.06.14"]
[Round "13.2"]
[White "Gledura, Benjamin"]
[Black "Reimanis, Ritvars"]
[Result "0-1"]
[WhiteTitle "GM"]
[BlackTitle "IM"]
[WhiteElo "2668"]
[BlackElo "2355"]
[WhiteTeam "Ashdod Elit Chess Club"]
[BlackTeam "The MongolZ"]
[WhiteFideId "712779"]
[BlackFideId "11602988"]
[EventDate "2025.06.14"]
[EventType "team"]

1. e4 e5 2. Nf3 Nc6 3. Bb5 Nf6 4. d3 Bc5 5. Bxc6 dxc6 6. Nbd2 Nd7 7. Nc4 Qe7 8.
O-O O-O 9. c3 Bd6 10. Qe2 Re8 11. Bg5 f6 12. Be3 Nf8 13. Nh4 b5 14. Na5 c5 15.
a4 b4 16. cxb4 cxb4 17. Rac1 Qf7 18. Nf5 Qa2 19. Ra1 Qf7 20. Rfc1 Qg6 21. Qf3
Ba6 22. Bc5 Bxc5 23. Rxc5 Ne6 24. Rc6 Bc8 25. Qg3 Bd7 26. Rc4 Nf4 27. Qxg6 hxg6
28. Ne3 Nxd3 29. Rd1 Bxa4 30. Rxd3 Bb5 31. Kf1 Red8 32. Ke2 c5 33. Nd5 Bxc4 34.
Nxc4 a5 35. Ncb6 Rab8 36. b3 Kf7 37. Nc4 Ra8 38. Ncb6 Rab8 39. Nc4 Ra8 40. Ndb6
Rxd3 41. Kxd3 Ra6 42. Na4 Ra8 43. Nxc5 g5 44. h3 g6 45. Ke3 Ke7 46. Nb6 Ra7 47.
Nc4 Rc7 48. Na4 Ra7 49. g3 Kf8 50. h4 gxh4 51. gxh4 Rh7 52. Nxa5 Rxh4 53. Nc6 f5
54. exf5 gxf5 55. Nxe5 Re4+ 56. Kd3 Rxe5 57. Nb6 Re4 58. Nc4 Ke7 59. Na5 Kd6 60.
f3 Rh4 61. Nc4+ Kc5 62. Ke3 Rxc4 0-1

[Event "FIDE World Bl Team Pool A"]
[Site "London ENG"]
[Date "2025.06.14"]
[Round "13.3"]
[White "Itgelt, Khuyagtsogt"]
[Black "Volokitin, Andrei"]
[Result "1-0"]
[WhiteTitle "IM"]
[BlackTitle "GM"]
[WhiteElo "2425"]
[BlackElo "2626"]
[WhiteTeam "The MongolZ"]
[BlackTeam "Ashdod Elit Chess Club"]
[WhiteFideId "4902912"]
[BlackFideId "14107090"]
[EventDate "2025.06.14"]
[EventType "team"]

1. d4 Nf6 2. c4 e6 3. g3 d5 4. Bg2 Bb4+ 5. Nd2 O-O 6. Nf3 dxc4 7. Qc2 a5 8. a3
Bxd2+ 9. Bxd2 b5 10. a4 Bb7 11. axb5 Qd5 12. O-O Qxb5 13. Qa4 Qa6 14. Qxa5 Qb6
15. Qc3 Rxa1 16. Rxa1 Bd5 17. Ne5 Bxg2 18. Kxg2 Ne4 19. Nxc4 Qc6 20. Qf3 Nd7 21.
Bc3 Ndf6 22. Ne5 Qb5 23. g4 Ng5 24. Qe3 h6 25. f3 Nd5 26. Qd2 Rb8 27. h4 Nh7 28.
Ra5 Qb6 29. Nd7 Qb7 30. Nxb8 Qxb8 31. e4 Nb6 32. Qe2 Nf8 33. Qb5 Ng6 34. h5 Nf4+
35. Kf2 c6 36. Qf1 Nd7 37. Ra1 Qb3 38. Qd1 Qb5 39. Ra5 Qc4 40. Ra8+ Kh7 41. Ra4
Qb5 42. Ke3 1-0

[Event "FIDE World Bl Team Pool A"]
[Site "London ENG"]
[Date "2025.06.14"]
[Round "13.4"]
[White "Eljanov, Pavel"]
[Black "Nomin-Erdene, Davaademberel"]
[Result "1-0"]
[WhiteTitle "GM"]
[BlackTitle "IM"]
[WhiteElo "2669"]
[BlackElo "2293"]
[WhiteTeam "Ashdod Elit Chess Club"]
[BlackTeam "The MongolZ"]
[WhiteFideId "14102951"]
[BlackFideId "4900782"]
[EventDate "2025.06.14"]
[EventType "team"]

1. d4 f5 2. Bg5 g6 3. Nc3 Bg7 4. e3 d6 5. Bc4 h6 6. Bh4 Nf6 7. Nf3 e6 8. Bxf6
Qxf6 9. e4 Nc6 10. Bb5 Bd7 11. e5 Qf7 12. Qe2 d5 13. h4 a6 14. Ba4 b5 15. Bb3
Na5 16. Qd2 Nc4 17. Bxc4 dxc4 18. d5 exd5 19. Nxd5 Bc6 20. O-O-O O-O-O 21. e6
Qxe6 22. Nf4 Rxd2 23. Nxe6 Rxd1+ 24. Rxd1 Bf6 25. Nf4 g5 26. Nd5 Bd8 27. Ne5
Bxd5 28. Rxd5 gxh4 29. Nf7 Bg5+ 30. Kd1 Rf8 31. Rxf5 Rg8 32. Ke2 Kd7 33. Nxg5
hxg5 34. Rf6 c6 35. Rh6 Re8+ 36. Kd2 Re6 37. Rh7+ Kd6 38. Rg7 Re5 39. c3 Kc5 40.
Rg6 a5 41. a3 Kd5 42. f3 Kc5 43. Kd1 b4 44. cxb4+ axb4 45. axb4+ Kxb4 46. Rxc6
Kb3 47. Rb6+ Ka2 48. Kd2 Rd5+ 49. Kc3 Re5 50. Kxc4 Re2 51. b4 Rxg2 52. Rh6 Rf2
53. Rh5 Rxf3 54. Rxg5 h3 55. Rh5 Ka3 56. b5 Ka4 57. b6 Rf6 58. b7 Rb6 59. Rh8
Rc6+ 60. Kd5 1-0

[Event "FIDE World Bl Team Pool A"]
[Site "London ENG"]
[Date "2025.06.14"]
[Round "13.5"]
[White "Ulziikhishig Khishigbat"]
[Black "Manakova, Maria"]
[Result "1-0"]
[WhiteTitle "FM"]
[BlackTitle "WGM"]
[WhiteElo "2266"]
[BlackElo "2253"]
[WhiteTeam "The MongolZ"]
[BlackTeam "Ashdod Elit Chess Club"]
[WhiteFideId "4908120"]
[BlackFideId "927007"]
[EventDate "2025.06.14"]
[EventType "team"]

1. d4 f5 2. c4 Nf6 3. Nc3 e6 4. e3 d5 5. Qc2 c6 6. Bd3 Ne4 7. Nge2 Bd6 8. Bd2
O-O 9. g3 Nd7 10. f3 Nxd2 11. Qxd2 Nf6 12. O-O-O c5 13. Kb1 cxd4 14. Nxd4 dxc4
15. Bxc4 Bb4 16. Nxe6 Bxe6 17. Bxe6+ Kh8 18. Qxd8 Raxd8 19. Ne2 Rde8 20. Nd4 Bc5
21. Bxf5 Rxe3 22. Nb3 Bb6 23. f4 g6 24. Bc2 Re2 25. Nd2 Ng4 26. Rhe1 Rxh2 27.
Nc4 Bf2 28. Re7 Nf6 29. Rxb7 Rg2 30. Ne5 Rxg3 31. Nf7+ Kg7 32. Ng5+ Kh6 33. Rh1+
Nh5 34. Rxh7# 1-0

[Event "FIDE World Bl Team Pool A"]
[Site "London ENG"]
[Date "2025.06.14"]
[Round "13.6"]
[White "Sailaubay, Aldiyar"]
[Black "Araya Fuentes, Cristian"]
[Result "1-0"]
[WhiteElo "1910"]
[BlackElo "1921"]
[WhiteTeam "Ashdod Elit Chess Club"]
[BlackTeam "The MongolZ"]
[WhiteFideId "13729357"]
[BlackFideId "6502946"]
[EventDate "2025.06.14"]
[EventType "team"]

1. e4 c6 2. d4 d5 3. Nc3 dxe4 4. Nxe4 Nd7 5. Ng5 Ngf6 6. Bd3 e6 7. N1f3 h6 8.
Ne4 Nxe4 9. Bxe4 Nf6 10. Bd3 c5 11. O-O Bd7 12. Re1 cxd4 13. Nxd4 Bc5 14. Nf3
O-O 15. Bf4 Qb6 16. Re2 Bc6 17. Ne5 Qxb2 18. Nxc6 bxc6 19. Be5 Qb6 20. Bxf6 gxf6
21. Qd2 Kg7 22. Qf4 f5 23. c3 Rab8 24. g3 Rb7 25. Qe5+ Kh7 26. Rb1 Bxf2+ 27.
Rxf2 Qc7 28. Qf6 Rxb1+ 29. Bxb1 Qb6 30. Bd3 Qb2 31. Rxb2 1-0

[Event "FIDE World Bl Team Pool A"]
[Site "London ENG"]
[Date "2025.06.14"]
[Round "13.1"]
[White "Sava, Robert-Gabriel"]
[Black "Bjerre, Jonas Buhl"]
[Result "1-0"]
[WhiteTitle "CM"]
[BlackTitle "GM"]
[WhiteElo "2121"]
[BlackElo "2651"]
[WhiteTeam "xChess.AI"]
[BlackTeam "¡Ållez-Y Initiative!"]
[WhiteFideId "1265725"]
[BlackFideId "1444948"]
[EventDate "2025.06.14"]
[EventType "team"]

1. d4 Nf6 2. c4 e6 3. Nf3 Bb4+ 4. Bd2 Qe7 5. e3 b6 6. Nc3 Bb7 7. Bd3 O-O 8. Qc2
c5 9. a3 Bxc3 10. Bxc3 Bxf3 11. gxf3 Kh8 12. O-O-O cxd4 13. Bxd4 Nc6 14. Bc3 d5
15. Kb1 dxc4 16. Bxc4 Rac8 17. Qe2 e5 18. Ka1 Rfd8 19. Rxd8+ Rxd8 20. Rd1 Rxd1+
21. Qxd1 g6 22. f4 Ne4 23. Bxe5+ Nxe5 24. fxe5 Qxe5 25. Bxf7 Nxf2 26. Qd8+ Kg7
27. Qg8+ Kh6 28. Bxg6 Qe7 29. Bxh7 Qf6 30. Bc2 Kh5 31. Qh7+ Kg4 32. Qxa7 Kf3 33.
Qc7 Ke2 34. Qc4+ Kd2 35. e4 Qf3 36. Bb1 Nd1 37. Qc2+ Ke1 38. e5 Qe3 39. Qe4 Kd2
40. Qxe3+ Nxe3 41. e6 Nd5 42. h4 1-0

[Event "FIDE World Bl Team Pool A"]
[Site "London ENG"]
[Date "2025.06.14"]
[Round "13.2"]
[White "Jacobsen, Mikkel Manosri"]
[Black "Rusu, Lucas"]
[Result "1-0"]
[WhiteTitle "FM"]
[WhiteElo "2223"]
[BlackElo "2038"]
[WhiteTeam "¡Ållez-Y Initiative!"]
[BlackTeam "xChess.AI"]
[WhiteFideId "1444514"]
[BlackFideId "42206472"]
[EventDate "2025.06.14"]
[EventType "team"]

1. d4 Nf6 2. Nf3 g6 3. Bf4 Bg7 4. c3 d6 5. Nbd2 O-O 6. e4 Nbd7 7. Be2 c5 8. h3
Re8 9. O-O e5 10. dxe5 dxe5 11. Be3 Qc7 12. Qc2 b6 13. Nh2 Bb7 14. Rfd1 Rad8 15.
f3 Nf8 16. a4 Ne6 17. a5 Nh5 18. Bb5 Rf8 19. axb6 axb6 20. Nc4 Nhf4 21. Rxd8
Rxd8 22. Rd1 Qe7 23. Rxd8+ Qxd8 24. Nf1 Qg5 25. Kh2 Qf6 26. g3 Nh5 27. Kg2 Qe7
28. Nxb6 f5 29. Nd5 Qf7 30. Bc4 Kh8 31. Bf2 h6 32. b4 cxb4 33. cxb4 Kh7 34. b5
Nd4 35. Bxd4 exd4 36. b6 fxe4 37. fxe4 d3 38. Qxd3 Qe8 39. Qf3 Qe5 40. Nd2 Qb2
41. Qf2 Bd4 42. Qe2 Bxd5 43. exd5 Bxb6 44. d6 Qd4 45. Qe7+ Ng7 46. Qe2 Qxd6 47.
Ne4 Qc6 48. Qd3 Nf5 49. Kh2 Bc7 50. Bd5 Qb6 51. Qc2 Ne3 52. Qf2 Nxd5 53. Qf7+
Kh8 54. Qxd5 Qb2+ 55. Kh1 Qb1+ 56. Kg2 Qc2+ 57. Kf3 Qb2 58. Kg4 Qg7 59. Qe6 h5+
60. Kf3 Qf8+ 61. Ke2 Qg7 62. Ng5 Qe5+ 63. Qxe5+ Bxe5 64. Nf7+ Kg7 65. Nxe5 Kf6
66. Nf3 g5 67. Ke3 Kf5 68. Nh2 Ke5 69. g4 hxg4 70. hxg4 Kf6 71. Nf3 1-0

[Event "FIDE World Bl Team Pool A"]
[Site "London ENG"]
[Date "2025.06.14"]
[Round "13.3"]
[White "Badescu, Matei-Andrei"]
[Black "Muetsch, Annmarie"]
[Result "1/2-1/2"]
[BlackTitle "WIM"]
[WhiteElo "1947"]
[BlackElo "2271"]
[WhiteTeam "xChess.AI"]
[BlackTeam "¡Ållez-Y Initiative!"]
[WhiteFideId "42213096"]
[BlackFideId "12971367"]
[EventDate "2025.06.14"]
[EventType "team"]

1. e4 d6 2. d4 Nf6 3. Nc3 e5 4. dxe5 dxe5 5. Qxd8+ Kxd8 6. Bg5 Be6 7. Nf3 Nd7 8.
O-O-O Kc8 9. Be2 a6 10. a3 Bd6 11. Rd2 h6 12. Be3 b6 13. Rhd1 Kb7 14. Bd3 Ng4
15. Re2 Nxe3 16. Rxe3 Rad8 17. Re2 Nc5 18. Red2 Be7 19. Be2 Rxd2 20. Rxd2 b5 21.
Kb1 Bd6 22. Rd1 Nd7 23. Nh4 g6 24. Nf3 Nb6 25. Bf1 Bg4 26. Be2 Be6 27. Bf1 f6
28. Nh4 Rg8 29. Be2 h5 30. Nf3 Bc5 31. Rf1 Rd8 32. Kc1 c6 33. Nh4 Bf7 34. Nf3 a5
35. Nd1 b4 36. axb4 axb4 37. b3 Bd4 38. Nxd4 Rxd4 39. f3 c5 40. Ne3 Be6 41. Rd1
Kc6 42. Rd2 h4 43. h3 Kc7 44. Rd1 Kc6 45. Rd2 Kc7 1/2-1/2